| 000 | 00606nam a22002177a 4500 | ||
|---|---|---|---|
| 005 | 20170124110212.0 | ||
| 010 | _a946539 | ||
| 020 | _c00.00 | ||
| 035 | _a946539 | ||
| 037 | _bCen Lib/Ret | ||
| 040 |
_aDPL _bEN |
||
| 082 |
_a321.954 _bAFA |
||
| 100 |
_aAfanasyev, V.G. _938338 |
||
| 245 |
_aFundamentals of scientific communism / _cby V.G.Afanasyev |
||
| 260 |
_aMoscow _bProgress Publishers _c1977 |
||
| 300 |
_a278p. _c18cm(Hb) |
||
| 500 | _aIncludes index | ||
| 650 |
_aCommunism and society _916966 |
||
| 650 |
_aEconomic history _96496 |
||
| 942 |
_2ddc _cEN _h321.954 _mAFA |
||
| 999 |
_c133581 _d133581 |
||